000 02125nam0a2200385 4500
001 RU\NLR\bibl\1321953
005 20250615161237.0
010 _a978-5-16-000135-7
_bИНФРА-М
010 _a978-5-8479-0014-0
_bСибирское соглашение
_93000
021 _aRU
_b2008-93284
_95466
035 _a(nilc)RSL-KNO-004149060
035 _a(NLR Aleph) 001307292
090 _a657122
_c657122
100 _a20081124d2009 |||y0rusy50 ca
101 0 _arus
102 _aRU
105 _ay |||||||||
200 1 _aПсихология рекламы
_eучебное пособие для студентов высших учебных заведений, обучающихся по специальности "Менеджмент"
_fР. И. Мокшанцев
210 _aМосква
_cИНФРА-М
_aНовосибирск
_cСибирское соглашение
_d2009 [т.е. 2008]
215 _a228, [1] с.
_d21
225 1 _aВысшее образование
300 _aКн. фактически изд. в 2008 г.
320 _aБиблиогр. в конце кн. (62 назв.)
606 1 _aРеклама
_jУчебные издания для высших учебных заведений
_xПсихологические основы
_91539916
_3RU\NLR\auth\66972511
610 0 _aПсихология -- Социальная (общественная) психология -- Социально-психологические проблемы экономической психологии -- Социально-психологические проблемы психологии обслуживания и торговли -- Реклама и ее влияние на спрос -- Учебник для высшей школы
686 _aЮ959.91-99я73-1
_2rubbk
686 _aС550.425я73
686 _aЮ949.1я73
700 1 _aМокшанцев
_bР. И.
_gРудольф Иванович
_4070
801 0 _aRU
_bРКП
_c20081124
_grcr
801 1 _aRU
_bРГБ
_c20081124
801 2 _aRU
_bNLR
_c20090130
_grcr
942 _cBOOK
980 _aNB